00876nam a22002657a 45000010005000000030006000050050017000110080041000280200018000690400029000870500008001160820011001241000029001352450083001642600058002473000045003054900029003505050007003795200084003865210027004705210018004976500028005156500033005437000034005769653FISKH20260424132702.0260128b cb ||||| |||| 00| 0 eng d a9780462003160 aFISKHbengcFISKHdFISKH aPZ7 a306.87 aPrince, Kirsten eAuthor aBig Ted's barbeque /cWritten by Kirsten Prince ; illustrated by Katie Jardine aSingapore :bMarshall Cavendish International ,c2008 a16 pages :bcolor illustrations ;c19 cm aMy pals are here! :v12b aE  aBig Ted was a firefighter. Today was his day off. And he will have a barbeque. 8 a200 bLexile estimate 8 aE bRaz-Plus  aMy pals are here vFood aBarbequevRealistic fiction  aJardine, Katie eIllustrator